000 00917cam a2200277 4500
001 D16174
008 090401t1981 xxu||||| |||| 00| 0 eng d
035 _a(Sirsi) u27606
041 _aeng
050 _a333.0017
_c18
110 _aRoyal Institution of Chartered Surveyors
_94900
245 4 _aThe rules of conduct
_bdisciplinary powers and procedures
250 _aRev. ed.
260 _a[S.l.]
_bRICS
_c1981
300 _a38p.
_c21cm
350 _a1
490 _aRICS Rules of Conduct
520 _aIncludes amendments on: advertising and publicity for the function of quantity surveying (22 March 1983); Bye-Law 24 (1 March 1983); Regs 81-90 (7 November 1983).
650 _aPROFESSIONAL CONDUCT
650 _aRICS BYE-LAWS
650 _aRICS REGULATIONS
650 _aRICS RULES OF CONDUCT
690 _aMANAGEMENT-BUSINESS MANAGEMENT-PROFESSIONAL PRACTICE
942 _n0
948 _c04/03/1997
999 _c89134
_d89134